| 000 | 00647nam a2200193 4500 | ||
|---|---|---|---|
| 001 | 113713 | ||
| 003 | ES-MaACL | ||
| 005 | 20250905063046.0 | ||
| 007 | t| | ||
| 008 | 061121s1908 sp r ||||1| spa d | ||
| 100 | 0 |
_aPacheco, Francisco, _dS.XIX-XX _988120 |
|
| 245 | 1 | 0 |
_aGeografía comercial arreglada al programa que rige en las oposiciones al Cuerpo Pericial de Aduanas / _cpor D. Francisco Pacheco. |
| 250 | _a2ª ed., modificada, corr. y aum. | ||
| 260 |
_aMadrid : _bFortanet, _c1908. |
||
| 300 |
_a599 p. ; _c22 cm. |
||
| 650 | 0 | 7 |
_aGeografía comercial _2embne _913075 |
| 852 |
_aES-MaACL _jB-1847 |
||
| 999 |
_c113713 _d113713 |
||